Tourism and indigenous peoples : (Record no. 31704)
[ view plain ]
| 000 -LEADER | |
|---|---|
| fixed length control field | 01466cam a2200325 a 4500 |
| 001 - CONTROL NUMBER | |
| control field | 15228378 |
| 005 - DATE AND TIME OF LATEST TRANSACTION | |
| control field | 20230718091943.0 |
| 008 - FIXED-LENGTH DATA ELEMENTS--GENERAL INFORMATION | |
| fixed length control field | 080321s2007 xxka b 001 0 eng d |
| 010 ## - LIBRARY OF CONGRESS CONTROL NUMBER | |
| LC control number | 2008272511 |
| 020 ## - INTERNATIONAL STANDARD BOOK NUMBER | |
| International Standard Book Number | 9780750664462 |
| 035 ## - SYSTEM CONTROL NUMBER | |
| System control number | (OCoLC)ocn182518827 |
| 040 ## - CATALOGING SOURCE | |
| Original cataloging agency | PJW |
| Transcribing agency | PJW |
| Modifying agency | BAKER |
| -- | IXA |
| -- | IAI |
| -- | DLC |
| 042 ## - AUTHENTICATION CODE | |
| Authentication code | lccopycat |
| 050 00 - LIBRARY OF CONGRESS CALL NUMBER | |
| Classification number | G 155.A1 .H56 2007 |
| 082 00 - DEWEY DECIMAL CLASSIFICATION NUMBER | |
| Classification number | 338.4/79104089 |
| Edition number | 22 |
| 245 00 - TITLE STATEMENT | |
| Title | Tourism and indigenous peoples : |
| Remainder of title | issues and implications / |
| Statement of responsibility, etc. | editors, Richard Butler and Tom Hinch. |
| 250 ## - EDITION STATEMENT | |
| Edition statement | 1st. ed. |
| 260 ## - PUBLICATION, DISTRIBUTION, ETC. (IMPRINT) | |
| Place of publication, distribution, etc. | Oxford ; |
| -- | Burlington, Mass. : |
| Name of publisher, distributor, etc. | Butterworth-Heinemann, |
| Date of publication, distribution, etc. | c2007. |
| 300 ## - PHYSICAL DESCRIPTION | |
| Extent | xviii, 380 p. : |
| Other physical details | ill. ; |
| Dimensions | 24 cm. |
| 504 ## - BIBLIOGRAPHY, ETC. NOTE | |
| Bibliography, etc | Includes bibliographical references (p. [333]-376) and index. |
| 505 0# - FORMATTED CONTENTS NOTE | |
| Formatted contents note | Indigenous knowledge and tourism -- Indigenous commerce in tourism -- Indigenous environment and tourism -- Indigenous culture and tourism -- Indigenous community-based tourism -- Indigenous tourism: policies and politics -- Conclusions. |
| 650 #0 - SUBJECT ADDED ENTRY--TOPICAL TERM | |
| Topical term or geographic name as entry element | Tourism. |
| 650 #0 - SUBJECT ADDED ENTRY--TOPICAL TERM | |
| Topical term or geographic name as entry element | Indigenous peoples. |
| 700 1# - ADDED ENTRY--PERSONAL NAME | |
| Personal name | Butler, Richard, |
| Dates associated with a name | 1943- |
| 700 1# - ADDED ENTRY--PERSONAL NAME | |
| Personal name | Hinch, Thomas. |
| 856 42 - ELECTRONIC LOCATION AND ACCESS | |
| Materials specified | Publisher description |
| Uniform Resource Identifier | <a href="http://www.loc.gov/catdir/enhancements/fy0827/2008272511-d.html">http://www.loc.gov/catdir/enhancements/fy0827/2008272511-d.html</a> |
| 906 ## - LOCAL DATA ELEMENT F, LDF (RLIN) | |
| a | 7 |
| b | cbc |
| c | copycat |
| d | 2 |
| e | ncip |
| f | 20 |
| g | y-gencatlg |
| 942 ## - ADDED ENTRY ELEMENTS (KOHA) | |
| Source of classification or shelving scheme | |
| Koha item type | Hard Covered Materials |
| Classification part | G 155.A1 .H56 2007 |
| Withdrawn status | Lost status | Source of classification or shelving scheme | Damaged status | Not for loan | Home library | Current library | Shelving location | Date acquired | Source of acquisition | Total Checkouts | Full call number | Barcode | Date last seen | Price effective from | Koha item type |
|---|---|---|---|---|---|---|---|---|---|---|---|---|---|---|---|
| MACHAKOS UNIVERSITY LIBRARY | MACHAKOS UNIVERSITY LIBRARY | Open shelf | 18/07/2023 | Donation (falcon books) | G 155.A1 .H56 2007 | 39488 | 18/07/2023 | 18/07/2023 | Hard Covered Materials |